000 00333nam a2200097Ia 4500
008 220120s9999||||xx |||||||||||||| ||und||
100 _aSharath, Aman Singh, Beena and Neema
_912466
245 0 _aEmbedded ethernet for device control
260 _aCoorg Institute of Technology
_bPonnampet
_c2013
650 _aELECTRONICS AND COMMUNICATIONS
999 _c138053
_d138053